000 00614nam a2200169Ia 4500
008 090711s9999 xx 000 0 und d
082 _b13393
100 _aपठाण यु. म.
245 _aबखर भाउसाहेबांSाी
260 _bव्होरा अॅण्ड कंपनी पब्लिशर्स प्रा. लि.
_c1959
300 _a149
600 _aपठाण यु. म.
630 _aबखर भाउसाहेबांSाी
700 _aपठाण यु. म.
730 _aबखर भाउसाहेबांSाी
942 _cBOOK
999 _c319820
_d319820